11 Eylül Amerika’yı nasıl değiştirdi? : (Record no. 12658)

MARC details
000 -BAŞLIK
Sabit Uzunlukta Kontrol Alanı 00842nam a22002537a 4500
999 ## - SİSTEM KONTROL NUMARALARI (KOHA)
Koha Biblionumber 12658
Koha Biblioitemnumber 12658
003 - KONTROL NUMARASI IDENTIFIER
Denetim Alanı Zeynep Atikkan
005 - SON İŞLEM TARİHİ VE ZAMANI
Denetim Alanı 20211214000606.0
008 - SABİT-BOY VERİ ELEMANLARI - GENEL BİLGİLER
Sabit Uzunlukta Kontrol Alanı 190204b tu ||||| |||| 00| 0 tur d
020 ## - ULUSLARARASI STANDART KİTAP NUMARASI
Uluslararası Standart Kitap Numarası 9750811291
040 ## - KATALOGLAMA KAYNAK
Orijinal Kataloglama Ajansı TR-AnCHP
Metne Dönüştürmek Ajansı TR-AnCHP
041 ## - DİL KODU
Metin / Ses Parça Veya Ayrı Başlığın Dil Kodu tur
082 ## - DEWEY ONLU SINIFLANDIRMA NUMARASI
Sınıflandırma Numarası 303.6250973
Ürün Numarası A75o 2006
100 ## - ANA GİRİŞ - KİŞİSEL İSİM
Kişisel Ad Atikkan, Zeynep
245 ## - BAŞLIK TABLOSU
Başlık 11 Eylül Amerika’yı nasıl değiştirdi? :
Başlığın Kalan Amerikan cinneti /
Sorumluluk Tablosu, Vb Zeynep Atikkan.
246 ## - UNVAN FORM VARYING
Başlık Doğru / Kısa Başlığı Amerikan cinneti
260 ## - YAYIN, DAĞITIM, VB
Yayın, Dağıtım, Vb Yeri İstanbul :
Yayıncı, Dağıtıcı, Vs Adı Yapı Kredi,
Yayın, Dağıtım, Vb Tarihi 2006
300 ## - FİZİKSEL TANIM
Kapsam 493 s. ;
Boyutlar 21 sm.
440 ## - SERİSİ TABLOSU / KATMA GİRİŞİ - BAŞLIK
Başlık Yapı Kredi Yayınları -
Bir İşin Parçası / Bölümün İsmi Cogito ;
Hacim / Ardışık Tanımı 2385.
-- 147.
650 #0 - KONU KATMA GİRİŞ - TOPİKAL DÖNEM
Topikal Süreli Veya Coğrafi Ad Giriş Elemanı Terörizm
9 (RLIN) 851
Genel Alt Bölümü Amerika Birleşik Devletleri (ABD)
650 #0 - KONU KATMA GİRİŞ - TOPİKAL DÖNEM
Topikal Süreli Veya Coğrafi Ad Giriş Elemanı Siyaset ve yönetim
Genel Alt Bölümü Türkiye
9 (RLIN) 9
650 #0 - KONU KATMA GİRİŞ - TOPİKAL DÖNEM
Topikal Süreli Veya Coğrafi Ad Giriş Elemanı Amerika Birleşik Devletleri (ABD)
9 (RLIN) 5108
Genel Alt Bölümü 11 Eylül saldırıları
910 ## - KULLANICI SEÇENEK, VERİLERİN (OCLC)
Kullanıcı Seçenek Veri 19325
942 ## - EKLENDİ GİRİŞ ELEMANLARI (KOHA)
Sınıflandırma Veya Raf Düzeni Kaynak Dewey Decimal Classification
Koha Öğesi Türü Books
Holdings
Kalıcı Konum Mevcut Konum Edinme Tarihi Edinim Kaynak Toplam Check-Out'Lar Tam Çağrı Numarası Barkod Tarih Son Görülme İtibaren Geçerli Fiyatlar Sigara Kamu Notu Koha Öğesi Türü
CHP Kütüphanesi CHP Kütüphanesi 02/04/2019 Bağış   303.6250973 A75o 2006 018766 02/04/2019 02/04/2019 Ertuğrul Çepni bağışıdır. Books